| 000 | 00461nam a2200145Ia 4500 | ||
|---|---|---|---|
| 008 | 231129s2010||||xx |||||||||||||| ||spa|| | ||
| 020 | _a978-958-722-084-1 | ||
| 040 | _bspa | ||
| 082 | _a510.711 M516v | ||
| 100 | _aMejía Calderón Elizabeth | ||
| 245 | 0 | _aVocabulario modelo de lengua de señas para la enseñanza de Matemáticas I | |
| 260 | _c2010 | ||
| 264 | _aUniversidad Tecnológica de Pereira | ||
| 942 |
_2ddc _cBKS |
||
| 999 |
_c26412 _d26412 |
||